000 00529nam a2200181Ia 4500
999 _c36956
_d36956
003 OSt
005 20201211094258.0
008 190216s9999||||xx |||||||||||||| ||und||
020 _a9788126134885
040 _coclc
082 _a332.64254
_bGUP/I
100 _aGupta, O P
_97346
245 0 _aIndian Stock Market An Empirical Study /
_cO P Gupta
260 _bAnmol Publications,
_c2007.
_aNew Delhi:
300 _a223p
650 _aReferences
942 _cREF
_2ddc
_h332.64254
_iGUP/I
_k332.64254
_mGUP/I